01181 a2200205 4500003000500000005001700005010001600022020001500038040000900053082001400062100002500076245005100101260003500152300003000187505056000217650004500777942001200822999001900834952012200853Nust20230320095409.0 a 72005486 a0070722439 cNust00a625.8,YAN1 aYang, Nai C.,94381110aDesign of Functional Pavements /cNai C. Yang. aNew York,bMcGraw-Hillc[1972] ax, 467 p.billus.c24 cm. aBasic of Pavements (Page-1), Development of Design Methods (Page-25), Pavement Support Conduction (Page-44), Quality Control and Construction Tolerance (Page-84), Material Concept of Pavement Construction (Page-105), Environmental Effects on Pavements (Page-138), Mathematical Methods for Pavement Systems (Page-181), Properties of Landing Gears Relating to Pavement Design (Page-273), Vehicle Pavement Interaction (Page-313), Full Scale Pavement Tests (Page-363), Systems of Pavement Design Analysis (Page-383), Redesign of Existing Pavement (Page-442).  0aPavementsxDesign and construction.9916 2ddccBK c183745d183745 00102ddc4070aMCSbMCScGENd2016-12-12o625.8,YANpMCS6518r2016-12-08w2016-12-12yBKzAlmirah No.74, Shelf No.6